Hindūstānī Muslim siyāsat par ek naẓar. (Record no. 70863)

MARC details
000 -LEADER
fixed length control field 00521cam a22002051 4500
001 - CONTROL NUMBER
control field sa 66007002
003 - CONTROL NUMBER IDENTIFIER
control field DLC
005 - DATE AND TIME OF LATEST TRANSACTION
control field 20260227112300.0
008 - FIXED-LENGTH DATA ELEMENTS--GENERAL INFORMATION
fixed length control field 890608s1963 ii 000 0 urdr
010 ## - LIBRARY OF CONGRESS CONTROL NUMBER
LC control number sa 66007002
035 ## - SYSTEM CONTROL NUMBER
System control number (OCoLC)19838395
040 ## - CATALOGING SOURCE
Original cataloging agency DLC
Transcribing agency WaU
Modifying agency DLC
043 ## - GEOGRAPHIC AREA CODE
Geographic area code a-ii---
050 00 - LIBRARY OF CONGRESS CALL NUMBER
Classification number DS427
Item number .A8
100 1# - MAIN ENTRY--PERSONAL NAME
Personal name Ashraf, Kunwar Muhammad,
Dates associated with a name 1903-1962.
245 10 - TITLE STATEMENT
Title Hindūstānī Muslim siyāsat par ek naẓar.
260 ## - PUBLICATION, DISTRIBUTION, ETC.
Date of publication, distribution, etc. [1963]
300 ## - PHYSICAL DESCRIPTION
Extent 152 p.
Dimensions 18 cm.
650 #0 - SUBJECT ADDED ENTRY--TOPICAL TERM
Topical term or geographic name entry element Muslims
Geographic subdivision India.

No items available.

Powered by Koha